| 000 | 00665nam a2200193 a 4500 | ||
|---|---|---|---|
| 001 | 000032395 | ||
| 003 | DO-SdBNP | ||
| 005 | 20230321075528.0 | ||
| 008 | 110715s1958 sp r 001 0 spa d | ||
| 040 |
_aDO-SdBNP _bspa _cBNPHU |
||
| 082 |
_axxxx _bM385f |
||
| 100 | 1 |
_aMartínez, Manuel M. _958366 |
|
| 245 | 1 | 0 |
_aFray Bartolomé de las casas "Padre de América" : _bestudio biográfico-crítico / _cManuel M. Martínez. |
| 260 |
_aMadrid : _bLa Rafa, _c1958. |
||
| 300 |
_ap. 553 ; _c20 cm. |
||
| 500 | _aIncluye referencias bibliográficas al de las páginas. | ||
| 500 | _aIncluye índice bibliográfico e índice onomástico de personas. | ||
| 942 |
_2ddc _cLBS1 |
||
| 999 |
_c31886 _d31886 |
||